000 00910cab a2200265 4500
001 WB3433-16
008 090401t1998 xxu||||| |||| 00| 0 eng d
035 _a(Sirsi) u88224
041 _aeng
245 _aLocal shops - frontline of retail war
260 _c1998
350 _a0
490 _aObserver
_v30 August 1998, 6(1)
520 _aConsiders a report by research consulttancy Verdict which looks at the drop in numbers of local shops and the increase in out-of-town supermarkets. Reports on how supermarkets are introducing smaller local stores on high streets and petrol station forecourts.
650 _aCONVENIENCE STORES
650 _aHIGH STREETS
650 _aLOCAL SHOPS
650 _aOUT OF TOWN
650 _aPETROL STATIONS
650 _aSUPERMARKETS
650 _aVERDICT
690 _aPROPERTY-COMMERCIAL PROPERTY-RETAIL PROPERTY
942 _n0
948 _c02/09/1998
999 _c55735
_d55735